|
|
|
|
| LEADER |
00000naa0a2200000 4500 |
| 001 |
648916 |
| 005 |
20250905105228.0 |
| 035 |
|
|
|a (RuTPU)RU\TPU\network\14075
|
| 090 |
|
|
|a 648916
|
| 100 |
|
|
|a 20160609d2015 k||y0engy50 ba
|
| 101 |
0 |
|
|a eng
|
| 102 |
|
|
|a US
|
| 135 |
|
|
|a drcn ---uucaa
|
| 181 |
|
0 |
|a i
|
| 182 |
|
0 |
|a b
|
| 200 |
1 |
|
|a Concerning the petroleum hydrocarbons migration in the permafrost zone
|f I. V. Goncharov [et al.]
|
| 203 |
|
|
|a Text
|c electronic
|
| 300 |
|
|
|a Title screen
|
| 330 |
|
|
|a In order to understand the mechanisms controlling methane emissions in the Laptev Sea it is extremely important to know the distribution patterns of subsea permafrost in the coastal zone. One possible solution to this problem is to analyze the hydrocarbon fluids in the bottom sediments. The object of our study was the core sample from Ivashkinskaya lagoon (Lena Delta, Sakha Republic). Pyrolytic studies were performed for this core sample (ROCK- EVAL 6 TURBO). According to the pyrolysis results there were 5 samples from the upper section in the range 0.36-5.58m selected for the further studies. The common feature of these samples is high content level of the pelitic component. They contain more than 1.0% of TOC and are composed of volatile organic compounds. Extracts obtained from the core sample were analyzed by GC-MS («Hewlett Packard» 6890/5973). Analyzed extracts demonstrated different classes of organic compounds in their composition with saturated and unsaturated hydrocarbons and acids dominating. Here are the histograms of n-alkanes in function of the carbon atoms number in the molecule (Figure). Considering our work experience with the Black Sea sediments we suggest that the samples with a high degree of even n-alkanes are confined to zones of petroleum hydrocarbons migration coming from the deep oil deposits.
|
| 463 |
|
|
|t AGU Fall Meeting - 2015
|o abstracts, San Francisco, December 14-18, 2015
|v [C43A-0772]
|d 2015
|
| 610 |
1 |
|
|a электронный ресурс
|
| 610 |
1 |
|
|a труды учёных ТПУ
|
| 610 |
1 |
|
|a вечная мерзлота
|
| 610 |
1 |
|
|a нефтяные углеводороды
|
| 610 |
1 |
|
|a миграция
|
| 701 |
|
1 |
|a Goncharov
|b I. V.
|c geologist
|c professor of Tomsk polytechnic university (TPU), doctor of geological and mineralogical sciences (DSc)
|f 1947-
|g Ivan Vasilyevich
|3 (RuTPU)RU\TPU\pers\30093
|9 14500
|
| 701 |
|
1 |
|a Panova
|b E. V.
|c Geologist
|c expert of Tomsk Polytechnic University
|f 1992-
|g Elena Vladimirovna
|3 (RuTPU)RU\TPU\pers\33995
|9 17568
|
| 701 |
|
1 |
|a Grinko
|b A. A.
|c geochemist
|c research engineer of Tomsk Polytechnic University, candidate of chemical sciences
|f 1986-
|g Andrey Alekseevich
|3 (RuTPU)RU\TPU\pers\36888
|
| 701 |
|
1 |
|a Dudarev
|b O. V.
|c geologist
|c researcher of Tomsk Polytechnic University, candidate of geological and mineralogical Sciences
|f 1955-
|g Oleg Viktorovich
|3 (RuTPU)RU\TPU\pers\35379
|
| 701 |
|
1 |
|a Semiletov
|b I. P.
|c geographer
|c Professor of Tomsk Polytechnic University, doctor of geographical Sciences
|f 1955-
|g Igor Petrovich
|3 (RuTPU)RU\TPU\pers\34220
|
| 712 |
0 |
2 |
|a Национальный исследовательский Томский политехнический университет (ТПУ)
|b Институт природных ресурсов (ИПР)
|b Кафедра геологии и разведки полезных ископаемых (ГРПИ)
|b Международная научно-образовательная лаборатория изучения углерода арктических морей (МНОЛ ИУАМ)
|3 (RuTPU)RU\TPU\col\20711
|
| 712 |
0 |
2 |
|a Национальный исследовательский Томский политехнический университет (ТПУ)
|b Институт природных ресурсов (ИПР)
|b Кафедра геологии и разведки полезных ископаемых (ГРПИ)
|3 (RuTPU)RU\TPU\col\18660
|
| 801 |
|
2 |
|a RU
|b 63413507
|c 20170209
|g RCR
|
| 856 |
4 |
|
|u https://agu.confex.com/agu/fm15/meetingapp.cgi/Paper/81424
|
| 942 |
|
|
|c CF
|